000 00753nam a2200229 a 4500
001 BRCA_7582
005 20190320205911.0
008 200613s1956----sp-a######---#000-0#spa-#
041 _aspa
044 _asp
050 4 _aND813.A5
_b.S67 1956
100 1 _aSoria, Martin S.
_912006
245 1 0 _aJosé Antolinez
_bretratos y otras obras
_cMartin S. Soria.
260 _aMadrid
_bConsejo Superior de Investigaciones Científicas, Instituto de Diego Velázquez
_c1956
300 _a8 p.
_bil., 8 láminas
_c27 cm.
500 _aSeparata del Archivo Español de Arte. Tomo XXIX, Núm. 113, Año 1956
500 _aS81
600 1 4 _aAntolinez, José
_d1635-1675
_vpintor
_918704
650 1 4 _aPintores españoles
_97620
902 _aGFM
942 _2lcc
_cB
999 _c7256
_d7256